| 000 | 00959nam a2200301 i 4500 | ||
|---|---|---|---|
| 001 | 37478 | ||
| 003 | KOSZ 005 | ||
| 005 | 20220517135245.0 | ||
| 008 | 961010s1985 pl f |000 0 pol | ||
| 020 | _a8301063181 | ||
| 040 |
_cKOSZ 005 _aKOSZ 005 _dKOSZ 005/HR |
||
| 041 | _apol | ||
| 046 | _k1965 | ||
| 080 | _a159.922 | ||
| 080 | _a(075.8) | ||
| 245 | 7 | 0 |
_aPsychologia rozwojowa dzieci i młodzieży. _n[Cz.3] / _cpod red. Marii Żebrowskiej. |
| 260 |
_aWarszawa : _bPaństwowe Wydawnictwo Naukowe, _c1986. |
||
| 300 |
_aS.[684]-875 : _bfot., rys., wykr. ; _c25 cm. |
||
| 380 | _aKsiążki | ||
| 388 | _a1901-2000 | ||
| 388 | _a1945-1989 | ||
| 650 | 7 | _aPsychologia rozwojowa | |
| 655 | 7 | _aPodręczniki akademickie | |
| 658 | _aPsychologia | ||
| 700 | 1 |
_aŻebrowska, Maria _d(1900-1978) _eRedakcja |
|
| 856 |
_uhttp://koha.tu.koszalin.pl/cgi-bin/koha/opac-detail.pl?biblionumber=37478 _yKatalog online BPK |
||
| 942 |
_cKS _2UKD |
||
| 999 |
_c37478 _d37478 |
||